Innovation and Development in Agricultural and Food Systems.

Bibliographic Details
Main Author: Faure, Guy.
Other Authors: Chiffoleau, Yuna., Goulet, édéric., Temple, Ludovic., Touzard, Jean-Marc.
Format: eBook
Language:English
Published: Versailles : Quae, 2018.
Series:Synthèses Series
Subjects:
Online Access:Click to View
LEADER 02065nam a22004093i 4500
001 EBC6734099
003 MiAaPQ
005 20231204023218.0
006 m o d |
007 cr cnu||||||||
008 231204s2018 xx o ||||0 eng d
020 |a 9782759229604  |q (electronic bk.) 
035 |a (MiAaPQ)EBC6734099 
035 |a (Au-PeEL)EBL6734099 
035 |a (OCoLC)1147264868 
040 |a MiAaPQ  |b eng  |e rda  |e pn  |c MiAaPQ  |d MiAaPQ 
100 1 |a Faure, Guy. 
245 1 0 |a Innovation and Development in Agricultural and Food Systems. 
264 1 |a Versailles :  |b Quae,  |c 2018. 
264 4 |c ©2023. 
300 |a 1 online resource (257 pages) 
336 |a text  |b txt  |2 rdacontent 
337 |a computer  |b c  |2 rdamedia 
338 |a online resource  |b cr  |2 rdacarrier 
490 1 |a Synthèses Series 
505 0 |a Intro -- Table des matières -- Innovation and development in agricultural and food systems -- Introduction - Reviving perspectives on innovation in agriculture and food systems -- Part 1 - Renewing agricultural approaches -- Part 2 - Forms of innovation in agriculture and the food sector -- Part 3 - Providing support to the actors of innovation -- Bibliography -- Part 4 - Evaluating the effects of innovations -- Afterword - What types of innovation for sustainable agriculture? -- List of authors. 
588 |a Description based on publisher supplied metadata and other sources. 
590 |a Electronic reproduction. Ann Arbor, Michigan : ProQuest Ebook Central, 2023. Available via World Wide Web. Access may be limited to ProQuest Ebook Central affiliated libraries.  
655 4 |a Electronic books. 
700 1 |a Chiffoleau, Yuna. 
700 1 |a Goulet, édéric. 
700 1 |a Temple, Ludovic. 
700 1 |a Touzard, Jean-Marc. 
776 0 8 |i Print version:  |a Faure, Guy  |t Innovation and Development in Agricultural and Food Systems  |d Versailles : Quae,c2018 
797 2 |a ProQuest (Firm) 
830 0 |a Synthèses Series 
856 4 0 |u https://ebookcentral.proquest.com/lib/matrademy/detail.action?docID=6734099  |z Click to View